| 000 | 00662cam a22002293a 4500 | ||
|---|---|---|---|
| 001 | 13886 | ||
| 003 | PGUSA | ||
| 005 | 20140828083310.0 | ||
| 008 | 041027s2004||||xxu|||||s|||||000 p eng d | ||
| 040 |
_aPGUSA _beng |
||
| 042 | _adc | ||
| 050 | 4 | _aPS | |
| 100 | 1 | _aChristian, W. E. | |
| 245 | 1 | 0 |
_aRhymes of the Rookies : _bSunny Side of Soldier Service _h[electronic resource] / _cW. E. Christian |
| 260 |
_bProject Gutenberg, _c2004 |
||
| 506 | _aPublic domain in the USA. | ||
| 516 | _aElectronic text | ||
| 653 | _aWorld War, 1914-1918 -- Poetry | ||
| 830 | 0 |
_aProject Gutenberg _v13886 |
|
| 856 | 4 | 0 | _uhttp://www.gutenberg.org/ebooks/13886 |
| 942 | _cEB | ||
| 999 |
_c243141 _d243141 |
||